000 03753nam a22003617a 4500
005 20091211101146.0
008 091211t xxu||||| |||| 00| 0 hin d
020 _a9788123754147
_c30.00
035 _aB-375291-301
037 _bतरूण बुक्स/VEN
040 _aDPL
_bHN
082 _a
100 _aबांड, रस्किन
_917293
245 _aऐसे जीव जिन्हें भूला नहीं जा सकता /
_cरस्किन बांड; विचार दास द्वारा अनुदित
260 _aनई दिल्ली
_bनेशनल बुक ट्रस्ट
_c2009
270 _aनेहरू भवन, 5 इंस्टीट्यूशनल एरिया, फेज-11, वसंत कुंज
_bनई दिल्ली
_e110070
300 _aवि.पृ
_c24सेमी (अजिल्द)
490 _aनेहरू बाल पुस्तकालय
_917294
700 _aदास, विचार
_917295
942 _2ddc
_cCH
_h
_mबांडर
999 _c32478
_d32478